[Event "45th Olympiad 2024"]
[Site "Budapest HUN"]
[Date "2024.09.14"]
[Round "4.1"]
[Board "2"]
[White "Ivanchuk, Vasyl"]
[Black "So, Wesley"]
[Result "1-0"]
[WhiteElo "2635"]
[BlackElo "2752"]
[PlyCount "95"]
[EventDate "2024.09.11"]
[WhiteTeam "Ukraine"]
[BlackTeam "United States of America"]
[WhiteTeamCountry "UKR"]

1. d4 Nf6 2. c4 e6 3. Nc3 Bb4 4. Qc2 O-O 5. a3 Bxc3+ 6. Qxc3 d5 7. Nf3 dxc4 8. Qxc4 b6 9. Bg5 Ba6 10. Qa4 Qd7 11. Qc2 c5 12. dxc5 ({RR} 12. Bxf6 gxf6 13. Rd1 Qe7 14. g3 Bb7 15. Bg2 Rd8 16. O-O Nd7 17. Ng5 fxg5 18. Bxb7 Rab8 19. Bg2 cxd4 20. Rxd4 Ne5 21. Rfd1 Rxd4 22. Rxd4 Rd8 23. Qd2 Rxd4 24. Qxd4 Qc7 25. h3 h6 26. f4 gxf4 {½-½ Mamedyarov,S (2808)-Caruana,F (2816) Paris GCT rapid 2018 (6)}) 12... Rc8 ({RR} 12... bxc5 13. Rd1 Qc7 14. Bxf6 gxf6 15. g3 Qa5+ 16. Qd2 Nc6 17. Qxa5 Nxa5 18. Rc1 Rfd8 19. e3 Bb7 20. Bg2 c4 21. Nh4 Rab8 22. Rc2 Ba6 23. Nf3 c3 24. b4 Nb3 25. Nd4 Nxd4 26. exd4 Rbc8 27. Kd1 {0-1 Postnikov,A (2207)-Gogolev,A (2253) 77th ch-RUS HL 2024 (6.21)}) 13. Rd1 ({RR} 13. Bxf6 gxf6 14. Rd1 Qe7 15. Qe4 Qxc5 16. e3 Bxf1 17. Kxf1 Nc6 18. g3 Ne5 19. Kg2 Qc6 20. Qxc6 Rxc6 21. Nxe5 fxe5 22. Rd2 Rac8 23. Rhd1 Rc2 24. Kf3 Kg7 25. e4 a5 26. Ke3 R2c5 27. Rb1 a4 {½-½ So,W (2770)-Nakamura,H (2787) Bilbao Masters 9th 2016 (2)}) 13... Qe7 14. Qa4 $146 ({RR} 14. Be3 Nd5 15. Bd4 Nc6 16. Qa4 bxc5 17. Qxa6 cxd4 18. g3 Rab8 19. Bg2 e5 20. O-O Qf6 21. Rfe1 Nde7 22. b4 Rb6 23. Qd3 Rd8 24. Qe4 Nd5 25. Rc1 Nc3 26. Qh4 Qxh4 27. Nxh4 Ne7 28. Nf3 f6 {1-0 Della Morte,G (2368)-Smirnov,P (2544) Speed Chess Super Swiss blitz 2021 (3)}) ({RR} 14. e4 Bxf1 15. Rxf1 h6 16. Bh4 Rxc5 17. Qe2 e5 18. Bxf6 Qxf6 19. Qd3 Qc6 20. Ng1 Rc1 21. Ne2 Rxd1+ 22. Kxd1 Na6 23. Qxa6 Rd8+ 24. Ke1 Qc2 25. f3 Rd1+ 26. Kf2 Qc5+ 27. Nd4 Rxd4 28. Kg3 Rd2 {½-½ Mamedyarov,S (2753)-Kramnik,V (2803) Geneve Masters GpA rapid 2013 (1.1)}) ({RR} 14. Qd2 bxc5 15. g3 Nc6 16. Bg2 Rd8 17. Qc1 Rxd1+ 18. Qxd1 h6 19. Be3 Rb8 20. Qc2 c4 21. O-O Nd5 22. Bc1 Qb7 23. Rd1 Qb3 24. Qd2 Rd8 25. Nd4 Nxd4 26. Qxd4 Re8 27. e4 Nf6 28. Bf1 Qb7 {0-1 Berkun,D (2118)-Zakrzewski,M (2295) Titled Arena Apr 3rd blitz 2021}) 14... bxc5 15. h4 c4 16. Rh3 h6 17. Qc2 Nbd7 18. Nd4 Bb7 19. Bd2 a5 20. f3 Qc5 21. Be3 c3 22. Qxc3 Qxc3+ 23. bxc3 Rxc3 24. Bc1 Ba6 25. e4 Bxf1 26. Kxf1 Rac8 27. Bb2 R3c5 28. g4 Nb6 29. Rh2 Nc4 30. Ke1 Nxb2 31. Rxb2 Rc3 32. a4 Ra3 33. Rb6 Rd8 34. Rb5 g6 35. Nb3 Rc8 36. Ke2 Rc4 37. Rd8+ Kg7 38. g5 Nxe4 39. gxh6+ Kxh6 40. fxe4 Rxe4+ 41. Kf2 Rexa4 42. Nd4 Ra2+ 43. Kg3 R4a3+ 44. Nf3 Re2 45. Rb7 Re5 46. Rxf7 g5 47. h5 Kxh5 48. Rf6 1-0

[Event "45th Olympiad 2024"]
[Site "Budapest HUN"]
[Date "2024.09.14"]
[Round "4.1"]
[Board "4"]
[White "Korobov, Anton"]
[Black "Robson, Ray"]
[Result "1-0"]
[WhiteElo "2650"]
[BlackElo "2700"]
[PlyCount "113"]
[EventDate "2024.09.11"]
[WhiteTeam "Ukraine"]
[BlackTeam "United States of America"]
[WhiteTeamCountry "UKR"]

1. e4 e5 2. Nf3 Nc6 3. Bc4 Nf6 4. d3 Bc5 5. O-O d6 6. c3 h6 7. b4 Bb6 8. a4 a5 9. b5 Ne7 10. Be3 ({RR} 10. Nbd2 O-O 11. Re1 Ng6 12. Bb3 Re8 13. Nc4 Bc5 14. h3 c6 15. Bd2 Be6 16. bxc6 bxc6 17. d4 Ba7 18. dxe5 dxe5 19. Ba2 Qc7 20. Qc2 Red8 21. Be3 Bxe3 22. Nxe3 Bxa2 23. Rxa2 Nd7 24. Nd2 Nc5 {½-½ Nakamura,H (2793)-Xiong,J (2674) USA-ch Saint Louis 2017 (3)}) 10... Bxe3 11. fxe3 Ng6 12. Bb3 $146 ({RR} 12. Qb3 O-O 13. Nbd2 c6 14. d4 d5 15. Bd3 dxe4 16. Nxe4 Nxe4 17. Bxe4 Be6 18. c4 f5 19. Bb1 e4 20. Nd2 c5 21. Qc3 b6 22. dxc5 bxc5 23. Nxe4 fxe4 24. Bxe4 Qg5 25. Bxa8 Rxa8 26. Qd3 Re8 {0-1 Durarbayli,V (2628)-Nakamura,H (2802) CrunchLab Masters Div 2 L 2024 (3.2)}) ({RR} 12. Qb3 O-O 13. Nbd2 c6 14. d4 Bg4 15. Bd3 Be6 16. Qa3 Qc7 17. Rab1 Rad8 18. Rb2 Nd7 19. Rfb1 c5 20. d5 Bg4 21. Rf1 Nb6 22. Nc4 Nxc4 23. Bxc4 b6 24. Rbf2 Bxf3 25. Rxf3 Nh4 26. R3f2 Qe7 {½-½ Chen,M (1910)-Lazavik,D (2235) Wch U12 Santiago de Compostela 2018 (8)}) ({RR} 12. Nbd2 O-O 13. Qe1 d5 14. exd5 Nxd5 15. d4 Nxc3 16. dxe5 Nd5 17. Nb3 Nb6 18. Be2 Qe7 19. Nxa5 Nxe5 20. Nxe5 Qxe5 21. Nc4 Qc5 22. Nxb6 Qxb6 23. Qc3 Re8 24. Bc4 Be6 25. a5 Qd6 26. Bxe6 Rxe6 {1-0 Iodo,A (2176)-Sulikiene,K (2028) EU-ch (Women) 6th 2005 (3)}) 12... c6 13. c4 d5 14. exd5 cxd5 15. c5 Qe7 16. d4 Ng4 17. Nc3 Be6 18. Qe1 e4 19. Nd2 Qc7 20. Qg3 Qxg3 21. hxg3 Ne7 22. Rae1 h5 23. Bd1 Nf6 24. b6 Nf5 25. Kf2 Bd7 26. Rh1 Rh6 27. Rh2 Bc6 28. Reh1 Ke7 29. Bxh5 Rxh5 30. Rxh5 Ng4+ 31. Ke1 Ngxe3 32. Nb3 Kf6 33. Rh8 Nc2+ 34. Kd2 Ncxd4 35. Rxa8 Nxb3+ 36. Kc2 Nxc5 37. Rf1 Ke5 38. Rxf5+ Kxf5 39. Rxa5 Nd3 40. Nxd5 Kg4 41. Kd2 g6 42. Ke3 f5 43. Ne7 Bd7 44. Nxg6 Kxg3 45. Ne7 Kg4 46. Ra8 Be6 47. a5 Nc5 48. Ng6 Kg5 49. Nf4 Bd7 50. Rd8 Bc6 51. Rd6 Be8 52. Ne6+ Nxe6 53. Rxe6 Bb5 54. g3 Ba6 55. Re8 Kg4 56. Rg8+ Kh3 57. Rg5 1-0

[Event "45th Olympiad 2024"]
[Site "Budapest HUN"]
[Date "2024.09.14"]
[Round "4.2"]
[Board "1"]
[White "Rapport, Richard"]
[Black "Vocaturo, Daniele"]
[Result "1-0"]
[WhiteElo "2715"]
[BlackElo "2600"]
[PlyCount "99"]
[EventDate "2024.09.11"]
[WhiteTeam "Hungary"]
[BlackTeam "Italy"]
[WhiteTeamCountry "HUN"]
[BlackTeamCountry "ITA"]

1. e4 e5 2. Nf3 Nc6 3. Bc4 Bc5 4. h3 Nf6 5. d3 a6 6. c3 Ba7 7. Bb3 d6 8. Nbd2 Qe7 ({RR} 8... h6 9. Nf1 Be6 10. N3h2 Qd7 11. Qf3 Bxb3 12. axb3 O-O-O 13. Ng3 d5 14. O-O dxe4 15. dxe4 Qd3 16. b4 Qxf3 17. Nxf3 Rd3 18. b5 axb5 19. Nxe5 Nxe5 20. Rxa7 Kb8 21. Ra2 Rhd8 22. Bf4 Nc4 23. b3 {0-1 Morozevich,A (2788)-Kramnik,V (2788) Moscow Tal Memorial Blitz 2008 (29)}) 9. a4 $146 ({RR} 9. Nf1 Be6 10. Ng3 O-O-O 11. O-O h6 12. Qe2 g5 13. Nh2 h5 14. Bxg5 Rdg8 15. Nf3 h4 16. Nf5 Bxf5 17. exf5 Rh5 18. Bxh4 Rxf5 19. d4 Qd7 20. Kh2 exd4 21. cxd4 Nxd4 22. Nxd4 Bxd4 23. Bc2 Rh5 {1-0 Gallagher,J (2501)-Vuilleumier,A (2374) SUI-ch 111th 2011 (3)}) ({RR} 9. Nf1 Be6 10. Qe2 Bxb3 11. axb3 Qe6 12. b4 h6 13. Ng3 Ne7 14. Nh4 O-O 15. Nhf5 Nxf5 16. Nxf5 d5 17. O-O h5 18. Qf3 dxe4 19. dxe4 g6 20. Bh6 Rfd8 21. Ne3 c6 22. Bg5 Rd6 23. Bxf6 Qxf6 {1-0 Kilic,E (2422)-Erten,K (2287) TCh-TUR Super League 2023 (2.3)}) ({RR} 9. Nf1 Be6 10. Ng3 O-O-O 11. Ba4 Nb8 12. O-O h6 13. d4 g5 14. d5 g4 15. Nh2 Bd7 16. Bxd7+ Nbxd7 17. Nxg4 Nxe4 18. Nf5 Qe8 19. Bxh6 Rg8 20. Bg7 Ng3 21. Ngh6 Nxf5 22. Nxf5 f6 23. Qf3 Kb8 {1-0 Liu,E (2291)-Huang,V (2128) Los Angeles Metropolitan op 1st 2011 (6)}) ({RR} 9. Nf1 Be6 10. Be3 d5 11. Bxa7 Rxa7 12. Ng3 h6 13. O-O O-O 14. exd5 Bxd5 15. Re1 Qd6 16. Bxd5 Qxd5 17. Re3 Raa8 18. Qa4 Rfe8 19. Rae1 Rad8 20. Nf5 Qd7 21. Ng3 Nd5 22. Re4 Nf6 23. R4e3 Nd5 {0-1 Gunnarsson,J (2386)-Norri,J (2418) EU-chT (Men) 13th 2001 (7.2)}) 9... Be6 10. O-O h6 11. Bxe6 Qxe6 12. Re1 O-O 13. Nf1 d5 14. exd5 Qxd5 15. Be3 Rfd8 16. Bxa7 Rxa7 17. Ne3 Qxd3 18. Qb3 Re8 19. Rad1 Qg6 20. Nh4 Qh7 21. Ng4 Nxg4 22. hxg4 g6 23. Rd7 Qg7 24. Nf3 Qf6 25. Rxc7 Re7 26. Qb6 Rxc7 27. Qxc7 b5 28. Qb6 bxa4 29. Rxe5 Rd7 30. Re8+ Kg7 31. Qxa6 Rd1+ 32. Re1 Rxe1+ 33. Nxe1 Qe6 34. Kf1 Qd5 35. Qxa4 Ne5 36. Qd4 Qxd4 37. cxd4 Nxg4 38. Ke2 Kf8 39. Nd3 Ke7 40. Ne5 Nf6 41. Kd3 Ke6 42. b4 Nd5 43. Kc4 g5 44. Nxf7 Nb6+ 45. Kb5 Nc8 46. Nxh6 Kd5 47. Nf5 g4 48. f3 gxf3 49. gxf3 Na7+ 50. Ka6 1-0

[Event "45th Olympiad 2024"]
[Site "Budapest HUN"]
[Date "2024.09.14"]
[Round "4.2"]
[Board "2"]
[White "Lodici, Lorenzo"]
[Black "Leko, Peter"]
[Result "1-0"]
[WhiteElo "2556"]
[BlackElo "2666"]
[PlyCount "145"]
[EventDate "2024.09.11"]
[WhiteTeam "Italy"]
[BlackTeam "Hungary"]
[WhiteTeamCountry "ITA"]
[BlackTeamCountry "HUN"]

1. e4 e5 2. Nf3 Nc6 3. Bc4 Bc5 4. d3 Nf6 5. Bg5 h6 6. Bh4 d6 7. c3 a5 8. Nbd2 Ba7 9. O-O g5 10. Bg3 O-O 11. Re1 Nh7 12. h3 ({RR} 12. Qc2 Kh8 13. d4 g4 14. Nh4 exd4 15. e5 dxc3 16. bxc3 dxe5 17. Rxe5 Qf6 18. Re2 Bd7 19. Rae1 Bb6 20. Bd3 Ng5 21. Nc4 Rae8 22. Rxe8 Rxe8 23. Rxe8+ Bxe8 24. Nxb6 cxb6 25. Bf5 h5 26. h3 Ne7 {1-0 Paszewski,M (2349)-Yaniv,Y (2335) SixDays Budapest Jun GM A 2024 (1.1)}) 12... h5 13. d4 Qf6 14. Be2 $146 ({RR} 14. Bb5 h4 15. Bh2 g4 16. hxg4 Bxg4 17. Bxc6 bxc6 18. Qa4 h3 19. Bg3 Qh6 20. gxh3 Qxh3 21. Re3 Bd7 22. Nxe5 dxe5 23. Bxe5 Qh5 24. Rg3+ Bg4 25. Qd1 {1-0 Anand,V (2751)-Radjabov,T (2753) Norway Chess Armageddon 10th rapid 2022 (7)}) ({RR} 14. dxe5 dxe5 15. Bb5 g4 16. hxg4 hxg4 17. Nh2 Qg5 18. Bxc6 bxc6 19. Nc4 Rd8 20. Qa4 Nf6 21. Qxc6 Be6 22. Ne3 Nh5 23. Nhf1 Bb6 24. Rad1 Nxg3 25. Nxg3 Bxe3 26. fxe3 Rxd1 27. Qxa8+ Kg7 28. Nh5+ Qxh5 {½-½ Erigaisi,A (2701)-So,W (2766) Airthings Masters Div 1 L 2023 (3.2)}) 14... Qg7 15. dxe5 dxe5 16. Nc4 Nf6 17. Nfd2 g4 18. h4 Re8 19. Qc2 Qg6 20. Bd3 Be6 21. Ne3 Bxe3 22. Rxe3 Nd7 23. f3 gxf3 24. Rxf3 Nf6 25. Nc4 Ng4 26. Raf1 Rad8 27. Qe2 Qh6 28. Be1 Qg7 29. Ne3 Nxe3 30. Qxe3 Rd6 31. Rg3 Bg4 32. Be2 Rg6 33. Bxg4 Rxg4 34. Rxg4 hxg4 35. h5 Re6 36. Bh4 f6 37. Qe2 Rd6 38. Kh2 Nd8 39. Kg3 Nf7 40. Qxg4 Nh6 41. Qxg7+ Kxg7 42. Kf3 a4 43. Rf2 c5 44. g4 Nf7 45. c4 Nh6 46. g5 fxg5 47. Bxg5 Rd3+ 48. Ke2 Rh3 49. Bf6+ Kh7 50. Bxe5 Rxh5 51. Bd6 Kg6 52. Rf8 Nf7 53. Bf4 Rh4 54. Kf3 Rh3+ 55. Kg4 Rd3 56. Rg8+ Kf6 57. Re8 Rd4 58. e5+ Kg6 59. Re6+ Kg7 60. Kf5 Kf8 61. Rf6 Ke8 62. e6 Nd6+ 63. Bxd6 Rxd6 64. Rh6 Rd4 65. Rh8+ Ke7 66. Rh7+ Ke8 67. b3 a3 68. Rxb7 Rd2 69. Kf6 Rf2+ 70. Ke5 Rxa2 71. Kd6 Rd2+ 72. Kxc5 a2 73. Ra7 1-0

[Event "45th Olympiad 2024"]
[Site "Budapest HUN"]
[Date "2024.09.14"]
[Round "4.2"]
[Board "4"]
[White "Brunello, Sabino"]
[Black "Gledura, Benjamin"]
[Result "1/2-1/2"]
[WhiteElo "2511"]
[BlackElo "2628"]
[PlyCount "67"]
[EventDate "2024.09.11"]
[WhiteTeam "Italy"]
[BlackTeam "Hungary"]
[WhiteTeamCountry "ITA"]
[BlackTeamCountry "HUN"]

1. Nf3 d5 2. d4 Nf6 3. c4 e6 4. Nc3 c6 5. e3 Nbd7 6. Qc2 Bd6 7. b3 O-O 8. Be2 b6 9. O-O Bb7 10. Bb2 Qe7 11. Rad1 Rad8 12. Rfe1 Rfe8 13. Bf1 h6 ({RR} 13... Bb4 14. a3 Bxa3 15. Bxa3 Qxa3 16. Ra1 Qd6 17. Rxa7 Rb8 18. e4 dxe4 19. Nxe4 Nxe4 20. Qxe4 h6 21. h3 Red8 22. Ne5 Nf6 23. Qf3 Qc7 24. Qe3 c5 25. dxc5 bxc5 26. Nd3 Nd7 27. Rea1 Ra8 28. Rxa8 {½-½ Radjabov,T (2747)-Vidit,S (2712) Global Chess League 2023 (7.3)}) 14. e4 Nxe4 $146 ({RR} 14... dxe4 15. Nxe4 Nxe4 16. Rxe4 Nf6 17. Re3 Ba3 18. Ba1 Qc7 19. g3 Be7 20. Rde1 Ng4 21. R3e2 Bb4 22. Rd1 Be7 23. Bg2 c5 24. d5 exd5 25. cxd5 Bxd5 26. Rde1 Qd7 27. h3 Nf6 28. Ne5 Qc8 29. Bxd5 {0-1 Gareyev,T (2590)-Shulman,Y (2632) Chicago op 18th 2009 (5)}) ({RR} 14... dxe4 15. Nxe4 Nxe4 16. Rxe4 Ba3 17. Ba1 Nf6 18. Re3 Qc7 19. h3 Bd6 20. Rde1 Bf4 21. R3e2 Nh7 22. g3 Ng5 23. Nxg5 Bxg5 24. Bg2 Bf6 25. Rd1 Rd7 26. Bc3 Red8 27. Red2 g6 28. h4 h5 29. Rd3 {0-1 Gumularz,S (2591)-Kosakowski,J (2486) chess.com Speed Poland 2024 (1.25)}) ({RR} 14... dxe4 15. Nxe4 Bb4 16. Re3 Nxe4 17. Qxe4 Nf6 18. Qh4 Nh7 19. Qh3 Bd6 20. Bd3 Bf4 21. Ree1 c5 22. d5 Ng5 23. Qg4 Nxf3+ 24. Qxf3 Qg5 25. h4 Qxh4 26. g3 Qg5 27. Qxf4 Qxf4 28. gxf4 exd5 29. Rxe8+ {1-0 Bok,B (2624)-Romanchuk,V (2258) Titled Tuesday intern op 23rd June blitz 2020 (1)}) 15. Nxe4 dxe4 16. Qxe4 Qf8 17. Ne5 Nxe5 18. dxe5 Bb4 19. Bd3 Rxd3 20. Rxd3 Bxe1 21. Qxe1 Rd8 22. Qd1 Rxd3 23. Qxd3 Qe7 24. Qd6 Qxd6 25. exd6 Bc8 26. b4 f6 27. f4 Kf7 28. Kf2 Ba6 29. c5 b5 30. g4 Bc8 31. h4 e5 32. fxe5 Bxg4 33. exf6 gxf6 34. Kg3 1/2-1/2

[Event "45th Olympiad 2024"]
[Site "Budapest HUN"]
[Date "2024.09.14"]
[Round "4.3"]
[Board "2"]
[White "Praggnanandhaa, R."]
[Black "Sarana, Alexey"]
[Result "1/2-1/2"]
[WhiteElo "2750"]
[BlackElo "2713"]
[PlyCount "45"]
[EventDate "2024.09.11"]
[WhiteTeam "India"]
[BlackTeam "Serbia"]
[WhiteTeamCountry "IND"]
[BlackTeamCountry "SRB"]

1. e4 {ChessBase II} c5 2. Nf3 d6 3. d4 cxd4 4. Nxd4 Nf6 5. Nc3 a6 6. Bg5 Nbd7 7. a4 e6 8. Qf3 $146 ({RR} 8. Be2 Be7 9. O-O O-O 10. Kh1 h6 11. Be3 Nc5 12. f3 e5 13. Nb3 Nxb3 14. cxb3 Be6 15. Bc4 Qd7 16. Qd3 Rac8 17. Rac1 Rc6 18. Rfd1 Kh8 19. a5 Nh7 20. f4 Bxc4 21. bxc4 Qc8 22. Nd5 Re8 {1-0 Miklosi,A (2068)-Vitai,T HUN-chT2 Barcza 0607 2006 (6)}) ({RR} 8. Be2 Be7 9. O-O O-O 10. Qd3 Qc7 11. Qg3 Kh8 12. Rad1 b6 13. Qh4 Bb7 14. f4 Rfe8 15. Rd3 Nf8 16. f5 e5 17. Nb3 h6 18. Bxf6 Bxf6 19. Qh5 Nh7 20. Rfd1 Rad8 21. Qf3 Be7 22. Qf2 Nf6 {0-1 Morozevich,A (2724)-Grischuk,A (2795) Sochi Tal Memorial Blitz 2014 (21)}) ({RR} 8. Be2 Be7 9. h4 Qc7 10. g4 b6 11. Be3 Bb7 12. f3 Ne5 13. g5 Nfd7 14. Rg1 Rc8 15. h5 Nc4 16. Bxc4 Qxc4 17. Nb3 O-O 18. Qd4 Ne5 19. Nd2 Qxd4 20. Bxd4 b5 21. axb5 axb5 22. f4 Nc6 {0-1 Profili,E (2129)-Khripachenko,A (2296) RADNICKICHESS IM Mar 2024 (9.5)}) ({RR} 8. Nb3 Be7 9. Be2 O-O 10. O-O Ne5 11. f4 Ng6 12. Qd2 h6 13. Bxf6 Bxf6 14. Rad1 Qb6+ 15. Kh1 Re8 16. Bd3 Kh8 17. g4 Ne7 18. g5 Bxc3 19. Qxc3 Qc6 20. Qd4 Nf5 21. Qf2 h5 22. Qf3 Ne7 {1-0 Langerak,W-Timmermans,B Brabant-ch U12 2000 (6)}) ({RR} 8. a5 Be7 9. Be2 O-O 10. O-O Qc7 ({RR} 10... Nc5 11. Bf3 Qc7 12. Re1 Rb8 13. Qd2 Rd8 14. Be3 b5 15. axb6 Rxb6 16. b3 Rb8 17. Nde2 Bb7 18. Ng3 Rbc8 19. Bd4 Ncd7 20. Rac1 Ne5 21. Na4 Nxf3+ 22. gxf3 Nd7 23. Qe3 Rf8 24. Nb6 Nxb6 25. Bxb6) 11. Qd3 ({RR} 11. Nb3 Ne5 12. Be3 Bd7 13. Bb6 Qc8 14. Nd2 Bc6 15. Bd4 Qc7 16. Be3 Rac8 17. f4 Ng6 18. Bd3 Qb8 19. g4 h6 20. h4 Nxh4 21. g5 Nh7 22. Qh5 hxg5 23. fxg5 Ng6 24. Rf3 Rfd8 25. Raf1 Nhf8) 11... h6 12. Bd2 Nc5 13. Qe3 d5 14. exd5 exd5 15. Bf3 Rd8 16. Rfe1 Bd6 17. g3 Ne6 18. Qd3 Nc5 19. Qe2 Bh3 20. Be3 Be5 21. Qd1 Nce4 22. Nce2 Bg4 {½-½ Karjakin,S (2753)-Gelfand,B (2744) Khanty-Mansiysk FIDE GP 2015 (11)}) 8... Qc7 9. Be2 b6 10. O-O Bb7 11. Qg3 Be7 12. Rad1 Nc5 13. f3 O-O 14. Bh6 Ne8 15. Be3 Nf6 16. Nb3 Ncd7 17. Nd2 Rfd8 18. Nc4 Nc5 19. Rd2 Nh5 20. Qh3 Nf6 21. Qg3 Nh5 22. Qh3 Nf6 23. Qg3 1/2-1/2

[Event "45th Olympiad 2024"]
[Site "Budapest HUN"]
[Date "2024.09.14"]
[Round "4.3"]
[Board "4"]
[White "Vidit, Santosh Gujrathi"]
[Black "Ivic, Velimir"]
[Result "1-0"]
[WhiteElo "2720"]
[BlackElo "2599"]
[PlyCount "163"]
[EventDate "2024.09.11"]
[WhiteTeam "India"]
[BlackTeam "Serbia"]
[WhiteTeamCountry "IND"]
[BlackTeamCountry "SRB"]

1. d4 d5 2. c4 c6 3. Nf3 Nf6 4. Nc3 dxc4 5. a4 e6 6. e3 c5 7. Bxc4 cxd4 8. exd4 Nc6 9. O-O Be7 10. Qe2 O-O 11. Rd1 Nb4 12. a5 ({RR} 12. Ne5 Bd7 13. Be3 Bc6 14. a5 a6 15. Nxc6 bxc6 16. Rdc1 Qc7 17. Na4 Nfd5 18. Bd2 Rfb8 19. Nc5 Bxc5 20. dxc5 Nf4 21. Qe4 Nbd5 22. b3 Ng6 23. Qe2 Qb7 24. Ra4 Rd8 25. g3 Nge7 26. Rb1 Nf5 {½-½ Nakamura,H (2774)-Gashimov,V (2746) Amber-blindfold 20th rapid 2011 (4)}) 12... Bd7 13. Ne5 Be8 ({RR} 13... Rc8 14. Bg5 Nfd5 15. h4 Bc6 16. Nxc6 Nxc6 17. Bxd5 exd5 18. Bxe7 Nxe7 19. a6 Rb8 20. g3 h6 21. Qe5 bxa6 22. Rxa6 Rxb2 23. Rd6 Qc7 24. Nxd5 Nxd5 25. Rxd5 Qc2 26. Rf1 Rb1 27. Rc5 Rxf1+ 28. Kxf1 {½-½ Oparin,G (2671)-Caruana,F (2804) American Cup Champ 2024 (1.3)}) ({RR} 13... Bc6 14. Bf4 Bd5 15. Nxd5 Nfxd5 16. Bg3 a6 17. Bb3 Rc8 18. h3 Nc6 19. Ba4 Nxa5 20. Nd7 Re8 21. Ne5 b5 22. Bc2 g6 23. h4 Nc4 24. h5 Bf6 25. hxg6 hxg6 26. Rxa6 Nb4 27. Bxg6 fxg6 28. Qg4 {1-0 Vidit,S (2726)-Howell,D (2658) MrDodgy Online Inv 2nd blitz 2021 (2.9)}) 14. h4 $146 ({RR} 14. Bg5 Rc8 15. Bb3 Nbd5 16. Rd3 Nxc3 17. bxc3 Bb5 18. c4 Ba6 19. Rh3 h6 20. Be3 Nd7 21. Bxh6 gxh6 22. Qg4+ Bg5 23. Rxh6 Nxe5 24. dxe5 Rc5 25. Rd1 Qe7 26. f4 Rd8 27. Rh5 Rxd1+ 28. Bxd1 f6 {1-0 Gutman,G (2476)-Dhulipalla,B (2268) Pardubice Czech op-A 29th 2018 (3)}) ({RR} 14. Bg5 Nfd5 15. Bxd5 Nxd5 16. Bxe7 Nxe7 17. Qf3 Bc6 {½-½ Gallego Alcaraz,A (2511)-Miranda Mesa,E (2438) Guillermo Garcia Memorial-B 27th 2018 (8)}) ({RR} 14. Bb3 Rc8 15. Bg5 Nfd5 16. Nxd5 exd5 17. Bxe7 Qxe7 18. Qf3 Qd8 19. Nd3 Nc2 20. Bxc2 Rxc2 21. Qf4 Bb5 22. b3 Re8 23. Nc5 Qe7 24. h3 g6 25. Rac1 Rxc1 26. Rxc1 Rc8 27. Qd2 b6 28. axb6 axb6 {½-½ Gelfand,B (2751)-Eljanov,P (2761) EU-Cup 26th Plovdiv 2010 (4.1)}) 14... Kh8 15. h5 h6 16. Bf4 Nbd5 17. Bd2 a6 18. Qf3 Rc8 19. Nxd5 Nxd5 20. Rac1 Rc7 21. Bxd5 exd5 22. Rxc7 Qxc7 23. Rc1 Qd6 24. Qf5 Kg8 25. Rc3 Qf6 26. Qxf6 Bxf6 27. Rc7 Bxe5 28. dxe5 Bc6 29. Bc3 f6 30. exf6 gxf6 31. Re7 Rf7 32. Re6 d4 33. Bxd4 Rd7 34. Bc3 Rd5 35. Rxf6 Rxh5 36. f3 Rg5 37. Kh2 Rh5+ 38. Kg3 Rg5+ 39. Kf2 h5 40. Rh6 Kf7 41. Kg1 Rf5 42. Kh2 Rg5 43. Rd6 Rf5 44. Kh3 Rg5 45. Rd2 Rd5 46. Re2 Rd1 47. Kh2 Rd5 48. Re4 Rf5 49. Rd4 Rd5 50. Rf4+ Ke6 51. Rf6+ Ke7 52. Rh6 Kf7 53. Kh3 Rg5 54. g3 Rd5 55. Kh4 Rd1 56. f4 Rh1+ 57. Kg5 Rh3 58. Rh7+ Ke8 59. Be1 Rh1 60. Bb4 Rh3 61. Be1 Rh1 62. Bf2 Rh2 63. Bc5 Rg2 64. Re7+ Kd8 65. Re3 Rxb2 66. Bb6+ Kd7 67. Kxh5 Kd6 68. g4 Rg2 69. f5 Bd5 70. g5 Rh2+ 71. Kg6 Rh8 72. f6 Rg8+ 73. Kf5 Bf7 74. Re7 Bg6+ 75. Kf4 Rc8 76. Rg7 Bb1 77. Bc7+ Kd5 78. Rd7+ Kc6 79. Re7 Bg6 80. Ke5 Rh8 81. f7 Rf8 82. Kf6 1-0

[Event "45th Olympiad 2024"]
[Site "Budapest HUN"]
[Date "2024.09.14"]
[Round "4.4"]
[Board "3"]
[White "Yu, Yangyi"]
[Black "Sargissian, Gabriel"]
[Result "1-0"]
[WhiteElo "2703"]
[BlackElo "2646"]
[PlyCount "103"]
[EventDate "2024.09.11"]
[WhiteTeam "China"]
[BlackTeam "Armenia"]
[WhiteTeamCountry "CHN"]
[BlackTeamCountry "ARM"]

1. c4 e6 2. Nc3 d5 3. d4 Nf6 4. cxd5 exd5 5. Bg5 c6 6. e3 h6 7. Bh4 Be7 8. Bd3 O-O 9. Bg3 Re8 ({RR} 9... Nbd7 10. h3 Re8 11. Nf3 Bb4 12. Qb3 c5 13. O-O Bxc3 14. Qxc3 c4 15. Bc2 a5 16. a4 Qb6 17. b3 Ne4 18. Bxe4 dxe4 19. Nd2 cxb3 20. Rfb1 Qg6 21. Rxb3 Nf6 22. Rb5 Be6 23. Rxa5 Nd5 24. Rxa8 {1-0 Carlsen,M (2862)-Firouzja,A (2749) Skilling op Prelim rapid 2020 (5)}) 10. h3 c5 11. Nge2 $146 ({RR} 11. dxc5 d4 12. exd4 Bxc5+ 13. Nge2 Bxd4 14. O-O Nc6 15. Nxd4 Nxd4 16. Nb5 Nxb5 17. Bxb5 Bd7 18. Bd3 Bc6 19. Bc4 Ne4 20. Bf4 Qf6 21. Be3 Rad8 22. Qg4 Nd2 23. Bxd2 Rxd2 24. b3 b5 25. Rac1 bxc4 {0-1 Sarana,A (2685)-Ter Sahakyan,S (2617) Titled Tue 2nd May Early 2023 (6)}) ({RR} 11. Nf3 a6 12. O-O c4 13. Bb1 b5 14. a3 Bb7 15. Ne5 Nbd7 16. f4 Ne4 17. Bxe4 dxe4 18. Qh5 Rf8 19. Nxd7 Qxd7 20. f5 a5 21. Qg4 Rfe8 22. Be5 Bg5 23. Rae1 f6 24. Bg3 b4 25. h4 bxc3 {0-1 Keymer,V (2721)-Le,Q (2731) 57th Biel GM1 Blitz 2024 (2.3)}) ({RR} 11. dxc5 Bxc5 12. Nge2 d4 13. exd4 Bxd4 14. O-O Nc6 15. Nxd4 Nxd4 16. Bb5 Re7 17. Bh4 g5 18. Bg3 Bf5 19. Qa4 Bc2 20. Qb4 {½-½ Sargsyan,S (2630)-Urazayev,A (2460) Kazakhstan Chess Cup 2023 (4.2)}) 11... Nc6 12. O-O a6 13. dxc5 Bxc5 14. Bh4 g5 15. Bg3 d4 16. exd4 Nxd4 17. Nxd4 Bxd4 18. Qd2 Bxc3 19. Qxc3 Nd5 20. Qb3 Be6 21. Qxb7 Nf4 22. Bxf4 Qxd3 23. Bg3 Bd5 24. Qb4 Qe4 25. Qxe4 Rxe4 26. Rfd1 Be6 27. Rd2 a5 28. f3 Rc4 29. Be5 Rcc8 30. a4 Rc5 31. Bc3 Kh7 32. Rd6 Kg6 33. Kf2 h5 34. g4 hxg4 35. hxg4 Rd5 36. Rb6 Rc5 37. Re1 Rd5 38. Re4 Kh7 39. Kg3 Kg6 40. Rc4 Rad8 41. Rcc6 Ra8 42. Kf2 Kh7 43. Rc7 Kg6 44. Ke3 Rd1 45. Rc5 Ra1 46. Re5 Kh6 47. Rbb5 Bd7 48. Rbd5 Re8 49. Rxd7 Rxe5+ 50. Bxe5 Re1+ 51. Kd2 Rxe5 52. Rxf7 1-0